000 00297nam a22001337a 4500
008 170920b xxu||||| |||| 00| 0 eng d
020 _a9780739454800
041 _aeng
080 _a7
100 _a44
101 _aART
245 _aENIGMAS Y MISTERIOS DEL MUNDO
_cCOLIBRI, E
942 _2udc
_cBK
999 _c28385
_d28385